000 01009nam0a22003011 4500
001 rc\2284441
005 20250623033755.0
035 _a(NLR Aleph) 006549123
090 _a6720339
_c6720339
100 _a20110829d1976 |||y0rusy50 ca
101 0 _arus
102 _aRU
105 _ay z |||a|
200 1 _aСтихотворения. Поэмы. Драмы
_fД.В. Веневитинов
_g[Предисл. Б. Смиренского, с. 3-22]
210 _aМосква
_cХудож. лит.
_d1976
215 _a125 с.
_d21
320 _aАлф. указ. произведений: с. 120-123
686 _aР1
_2rubbk
686 _aШ5(2=Р)51-65я44
_2rubbk
700 1 _aВеневитинов
_bД.В.
_f1805-1827
_gДмитрий Владимирович
702 1 _aСмиренский
_bБ.
_4080
801 0 _aRU
_bNLR
_gpsbo
801 1 _aRU
_bELAR
_2rusmarc
852 _aNLR
_j77-3/519
899 _aRuMoRGB
_jБ 76-45/647
899 _aRuMoRGB
_jБ 76-45/648
942 _cBOOK
980 _aNB